[Event "Rhein Main op 10th"]
[Site "Bad Homburg"]
[Date "2007.06.09"]
[Round "5"]
[White "Grandadam, Patrick"]
[Black "Remmert, Oliver"]
[Result "1/2-1/2"]
[WhiteElo "1930"]
[BlackElo "1732"]
[PlyCount "91"]
[EventDate "2007.06.06"]
[EventType "swiss"]
[EventRounds "7"]
[EventCountry "GER"]
[SourceTitle "EXT 2008"]
[Source "ChessBase"]
[SourceDate "2007.11.25"]
[SourceVersion "1"]
[SourceVersionDate "2007.11.25"]
[SourceQuality "1"]

1. d4 Nf6 2. c4 g6 3. Nc3 Bg7 4. e4 d6 5. Nf3 0-0 6. Be2 e5 7. 0-0 Nc6 8. d5 Ne7 9. Ne1 Nd7 10. f3 f5 11. g4 fxg4 12. fxg4 Rxf1+ 13. Kxf1 h6 14. h4 Kh7 15. g5 Nf8 16. Bg4 c6 17. Kg2 c5 18. Rb1 h5 19. Bxc8 Rxc8 20. a3 a6 21. Qe2 Nd7 22. Nd1 Rb8 23. Nc3 Nc8 24. Be3 Na7 25. b4 b6 26. Qc2 Qc8 27. Qe2 Kg8 28. Nf3 Qd8 29. Nd2 Qc8 30. Rf1 Qe8 31. Rb1 Qc8 32. Qd1 Kh7 33. Qf3 Kg8 34. Qd1 Qe8 35. Kf2 Qc8 36. Qa4 Qf8+ 37. Ke2 Qc8 38. bxc5 bxc5 39. Rxb8 Nxb8 40. Kd3 Nd7 41. Qa5 Bf8 42. Kc2 Be7 43. Nd1 Kf7 44. Bf2 Bd8 45. Qc3 Nb6 46. Nb2 1/2-1/2

[Event "Rhein Main op 10th"]
[Site "Bad Homburg"]
[Date "2007.06.07"]
[Round "2"]
[White "Remmert, Oliver"]
[Black "Boeddeker, Henry"]
[Result "1-0"]
[WhiteElo "1732"]
[BlackElo "969"]
[PlyCount "79"]
[EventDate "2007.06.06"]
[EventType "swiss"]
[EventRounds "7"]
[EventCountry "GER"]
[SourceTitle "EXT 2008"]
[Source "ChessBase"]
[SourceDate "2007.11.25"]
[SourceVersion "1"]
[SourceVersionDate "2007.11.25"]
[SourceQuality "1"]

1. d4 f5 2. g3 Nf6 3. Bg2 e6 4. c4 Be7 5. Nf3 0-0 6. 0-0 d6 7. Nc3 Qe8 8. Re1 Nbd7 9. e4 fxe4 10. Nxe4 e5 11. dxe5 dxe5 12. a3 Qf7 13. Qc2 Qg6 14. Nxf6+ Bxf6 15. Qxg6 hxg6 16. Nd2 Nc5 17. Ne4 Nd3 18. Re3 Nxc1 19. Rxc1 Bf5 20. Nxf6+ gxf6 21. Bxb7 Rab8 22. Bd5+ Kg7 23. b4 Rh8 24. f4 Rbe8 25. Rce1 Rh6 26. fxe5 Reh8 27. exf6+ Kxf6 28. R1e2 Rd8 29. Rf2 c6 30. Bxc6 Rd1+ 31. Kg2 Rc1 32. c5 Kg5 33. h4+ Kf6 34. g4 Rxh4 35. gxf5 gxf5 36. Bd7 f4 37. Rh3 Rxh3 38. Kxh3 Kg5 39. Rf3 Rd1 40. c6 1-0

[Event "Rhein Main op 10th"]
[Site "Bad Homburg"]
[Date "2007.06.06"]
[Round "1"]
[White "Schaaf, Rene"]
[Black "Remmert, Oliver"]
[Result "1-0"]
[WhiteElo "2151"]
[BlackElo "1732"]
[PlyCount "47"]
[EventDate "2007.06.06"]
[EventType "swiss"]
[EventRounds "7"]
[EventCountry "GER"]
[SourceTitle "EXT 2008"]
[Source "ChessBase"]
[SourceDate "2007.11.25"]
[SourceVersion "1"]
[SourceVersionDate "2007.11.25"]
[SourceQuality "1"]

1. d4 Nf6 2. Bg5 c5 3. Nc3 e6 4. d5 d6 5. dxe6 fxe6 6. e4 Be7 7. Bc4 Nc6 8. f4 a6 9. a4 Qc7 10. Nf3 Bd7 11. Qe2 h6 12. Bh4 0-0-0 13. 0-0 Nh7 14. Bg3 Rhe8 15. Rfd1 Nf8 16. f5 Nb4 17. Rd2 Qc6 18. Rad1 d5 19. Ne5 Qb6 20. Nxd7 Nxd7 21. fxe6 Nf6 22. exd5 Bd6 23. Bxd6 Qxd6 24. Ne4 1-0

[Event "Bad Zwesten op 7th"]
[Site "Bad Zwesten"]
[Date "2003.??.??"]
[Round "1"]
[White "Remmert, Oliver"]
[Black "Wendel, Stephan"]
[Result "0-1"]
[WhiteElo "1695"]
[BlackElo "2214"]
[PlyCount "58"]
[EventDate "2003.01.02"]
[EventType "swiss"]
[EventRounds "9"]
[EventCountry "GER"]
[SourceTitle "CBM 092 Extra"]
[Source "ChessBase"]
[SourceDate "2003.03.07"]
[SourceVersion "1"]
[SourceVersionDate "2003.03.07"]
[SourceQuality "1"]

1. d4 Nf6 2. c4 c5 3. d5 e6 4. Nc3 exd5 5. cxd5 d6 6. e4 g6 7. Nf3 a6 8. a4 Bg4 9. Be2 Bg7 10. 0-0 0-0 11. Nd2 Bxe2 12. Qxe2 Nbd7 13. a5 Qc7 14. Nc4 b5 15. axb6 Nxb6 16. f4 Rfe8 17. Re1 Nbxd5 18. Qd3 Nxc3 19. bxc3 d5 20. Ne5 c4 21. Qh3 Nxe4 22. Be3 Nxc3 23. Kh1 Re6 24. Bd4 Nb5 25. Nxf7 Rxe1+ 26. Rxe1 Qxf7 27. Bc5 Re8 28. Rf1 Qf5 29. Qf3 Qd3 0-1